000 00482cam a22001457a 4500
008 180718b1966 xxu||||| |||| 00| 0 eng d
082 _aB131x44 H888
100 _aHumphreys, Alexander J.
245 _aNew dubliners: Urbanization and the irish family
_cby Alexander J. Humphreys
260 _aLondon
_bRoudledge & Kegan Paul
_c1966
300 _ax, 295p
650 _aDublin (Ireland) - Social conditions.
650 _aUrbanization - Ireland
650 _aFamily - Ireland - Dublin
999 _c408400
_d408400